Дело о лицах, состоящих под надзором полиции по губерниям Нижегородской и Новгородской за 1874 год

Доступно только в Электронных читальных залах Найти на картеНа карте
RUSMARC
00003743nmc2a22000003x 450
001c61a324a-8e34-4362-9a6a-2c88120d535a
00520210430084644.0
100##$a20190527l18751875k l0rusy0189 ca
1010#$arus
102##$aRU
2001#$aДело о лицах, состоящих под надзором полиции по губерниям Нижегородской и Новгородской за 1874 год
$j7 января - 20 февраля 1875 г.
$hЧасть 9
251##$cДело
300##$aДело
801#0$aRU
$bРГИА
$c20190527
$gRCR
801#1$aRU
$bГлавНИВЦ
$c20190527
$2rusmarc
801#2$aRU
$bПБ им. Б.Н. Ельцина
$c20210430
$gRCR
$2rusmarc
850##$aРГИА
852##$aРГИА
$eФедеральное казенное учреждение "Российский государственный исторический архив" (РГИА)
$j1140
937##$hРГИА
$d12316861
$aASBIBLIO_SCAN
462#0$10013b211af7-ab6a-43b3-9b91-297470c9cae7
$12001
$aДела Департамента полиции исполнительной МВД за 1875 год
$1251
$cОпись
$1852
$j36
$l1875 г.
461#0$10013e300ed0-cd39-49af-8489-5ba5b90fa401
$12001
$aДепартамент полиции исполнительной МВД
$1251
$cФонд
$1852
$j1286
215##$a167 л.
$d36,5х26 см
371##$aДокумент не является опубликованным и широко распространяемым
105##$ay###
1222#$ad
035##$ac61a324a-8e34-4362-9a6a-2c88120d535a
856##$uhttp://readingroom.main.prlib.ru/item.aspx?id_node=n163967237&mode=full
Формат отображения